Groupes Fonctionnels - Statistiques

Statistiques générales
  • Ce quiz a été pris 41 fois
  • Le résultat moyen est 7 sur 9
Statistiques - réponses
Par images Réponse % Correct
Amine
90%
Cetone
90%
Acide carboxylique
86%
Alcool
86%
Amide
86%
Ester
81%
Aldehyde
76%
Ether
43%
Epoxyde
24%
Aucun quiz correspondant
Distribution des résultats
% des personnes avec chaque résultat
Percentile par nombre de réponses
Votre historique - résultats
Vous n’avez pas pris ce quiz